| 000 | 00672nam a2200241Ia 4500 | ||
|---|---|---|---|
| 005 | 20260430150655.0 | ||
| 008 | 008 250103s9999 xx 000 0 eng d | ||
| 037 | _aTheses | ||
| 040 | _aCRL | ||
| 040 | _beng | ||
| 040 | _ceng | ||
| 041 | _2eng | ||
| 041 | _aeng | ||
| 084 | _qCRL | ||
| 100 |
_aChowdhury Aindrila Dutta Au.; Dey Ananya Kumar Gu. _91238173 |
||
| 245 | 4 | _aThe Significance of Music in the Storytelling Art Forms of the Manasa Cult of Bengal | |
| 260 | _c2024 | ||
| 300 | _a248p. | ||
| 650 | _aMusic | ||
| 700 |
_aUniversity of Delhi. Faculty of Music and Fine Arts. Deptt. of Music _91238174 |
||
| 942 | _cTH | ||
| 999 |
_c1850357 _d1850357 |
||